[Event "HUN-chT2 Breyer 1617"]
[Site "Hungary"]
[Date "2017.04.09"]
[Round "9.8"]
[White "Kovacs, Andras"]
[Black "Vagvolgyi, Istvan"]
[Result "1/2-1/2"]
[WhiteElo "1934"]
[BlackElo "1845"]
[PlyCount "57"]
[EventDate "2016.10.30"]
[EventType "team-tourn"]
[EventRounds "9"]
[EventCountry "HUN"]
[SourceTitle "EXT 2021"]
[Source "ChessBase"]
[SourceDate "2020.10.23"]
[SourceVersion "1"]
[SourceVersionDate "2020.10.23"]
[SourceQuality "1"]
[WhiteTeam "Budapest MLTC"]
[BlackTeam "Nyergesujfalu"]
[WhiteTeamCountry "HUN"]
[BlackTeamCountry "HUN"]

1. e4 e5 2. Nf3 Nc6 3. Bc4 Be7 4. 0-0 Nf6 5. d3 0-0 6. a3 d6 7. h3 Be6 8. Nbd2 Bxc4 9. Nxc4 d5 10. exd5 Qxd5 11. Qe2 e4 12. dxe4 Qxe4 13. Qxe4 Nxe4 14. Bf4 b5 15. Rfe1 f5 16. Ne3 Bd6 17. Bxd6 Nxd6 18. Nd5 Rac8 19. Re6 Rfe8 20. Rae1 Rxe6 21. Rxe6 Re8 22. Nxc7 Rxe6 23. Nxe6 Nc4 24. Nc7 Nd6 25. b3 a5 26. Kf1 a4 27. bxa4 bxa4 28. Nd5 Nc4 29. Nc3 1/2-1/2

[Event "HUN-chT2 Breyer 1617"]
[Site "Hungary"]
[Date "2016.11.27"]
[Round "3.9"]
[White "Vagvolgyi, Istvan"]
[Black "Ruip, Janos"]
[Result "0-1"]
[WhiteElo "1845"]
[BlackElo "2109"]
[PlyCount "80"]
[EventDate "2016.10.30"]
[EventType "team-tourn"]
[EventRounds "9"]
[EventCountry "HUN"]
[SourceTitle "EXT 2021"]
[Source "ChessBase"]
[SourceDate "2020.10.23"]
[SourceVersion "1"]
[SourceVersionDate "2020.10.23"]
[SourceQuality "1"]
[WhiteTeam "Nyergesujfalu"]
[BlackTeam "Biatorbagy"]
[WhiteTeamCountry "HUN"]
[BlackTeamCountry "HUN"]

1. d4 Nf6 2. c4 g6 3. Nf3 Bg7 4. e3 d6 5. Be2 0-0 6. 0-0 Nbd7 7. Nc3 e5 8. Qc2 c6 9. b3 Re8 10. dxe5 dxe5 11. Bb2 Qc7 12. Rac1 Nc5 13. e4 Bg4 14. h3 Bxf3 15. Bxf3 Ne6 16. Ne2 Rad8 17. Rfd1 h5 18. Rxd8 Rxd8 19. Rd1 Nh7 20. h4 Nhf8 21. g3 Nd4 22. Bxd4 exd4 23. Nf4 Be5 24. Ne2 Ne6 25. b4 a5 26. a3 axb4 27. axb4 Qb6 28. Qb1 Qa6 29. Qb3 Ra8 30. Rb1 Qa3 31. Nc1 Qxb3 32. Nxb3 Ra3 33. Kg2 b6 34. Bd1 d3 35. Kf3 Bc3 36. Ke3 Bxb4 37. Kxd3 Bc5 38. Rb2 Nd4 39. e5 Nxb3 40. Bxb3 Bxf2 0-1

[Event "HUN-chT2 Breyer 1516"]
[Site "Hungary"]
[Date "2015.11.29"]
[Round "5.8"]
[White "Albert, Janos"]
[Black "Vagvolgyi, Istvan"]
[Result "1-0"]
[WhiteElo "1980"]
[BlackElo "1892"]
[PlyCount "47"]
[EventDate "2015.09.13"]
[EventType "team-tourn"]
[EventRounds "11"]
[EventCountry "HUN"]
[SourceTitle "CBM 170 Extra"]
[Source "ChessBase"]
[SourceDate "2016.02.25"]
[SourceVersion "1"]
[SourceVersionDate "2016.02.25"]
[SourceQuality "1"]
[WhiteTeam "Zsambek"]
[BlackTeam "Nyergesujfalu"]
[WhiteTeamCountry "HUN"]
[BlackTeamCountry "HUN"]

1. e4 e5 2. f4 exf4 3. Nf3 g5 4. Bc4 g4 5. 0-0 gxf3 6. Qxf3 Qf6 7. e5 Qxe5 8. Bxf7+ Kxf7 9. d4 Qf6 10. Bxf4 Ke8 11. Nc3 Ne7 12. Rae1 Na6 13. Nd5 Qf7 14. Rxe7+ Bxe7 15. Re1 Rf8 16. Rxe7+ Qxe7 17. Nxe7 Kxe7 18. Qe4+ Kf7 19. Bh6 Re8 20. Qxh7+ Ke6 21. Qg6+ Ke7 22. Bg5+ Kf8 23. Qf6+ Kg8 24. Bh6 1-0

[Event "HUN-chT2 Breyer 1415"]
[Site "Hungary"]
[Date "2014.09.07"]
[Round "?"]
[White "Vagvolgyi, Istvan"]
[Black "Korodi, Mihaly"]
[Result "0-1"]
[WhiteElo "1902"]
[BlackElo "1846"]
[PlyCount "48"]
[EventDate "2014.09.07"]
[EventType "team-tourn"]
[EventRounds "11"]
[EventCountry "HUN"]
[SourceTitle "EXT 2016"]
[Source "ChessBase"]
[SourceDate "2015.10.08"]
[SourceVersion "1"]
[SourceVersionDate "2015.10.08"]
[SourceQuality "1"]
[WhiteTeam "Nyergesujfalu"]
[BlackTeam "Turul"]
[WhiteTeamCountry "HUN"]
[BlackTeamCountry "HUN"]

1. e4 c5 2. Nf3 Nc6 3. Nc3 d6 4. d4 cxd4 5. Nxd4 Nf6 6. Be2 e6 7. 0-0 Be7 8. Kh1 0-0 9. f4 Qb6 10. Nxc6 bxc6 11. Bf3 Ba6 12. Re1 Rfd8 13. Na4 Qc7 14. b3 e5 15. c4 Nd7 16. Qd2 exf4 17. Qxf4 Ne5 18. Qe3 Bf6 19. Bb2 Qe7 20. Rad1 Rd7 21. c5 Nxf3 22. Qxf3 Bxb2 23. cxd6 Qe5 24. Qf2 Ba3 0-1

[Event "HUN-chT2 Breyer 1314"]
[Site "Hungary"]
[Date "2014.03.23"]
[Round "7"]
[White "Vagvolgyi, Istvan"]
[Black "Tessedik, Karoly"]
[Result "1-0"]
[WhiteElo "1921"]
[BlackElo "1893"]
[PlyCount "88"]
[EventDate "2013.09.08"]
[EventType "team-tourn"]
[EventRounds "9"]
[EventCountry "HUN"]
[SourceTitle "EXT 2016"]
[Source "ChessBase"]
[SourceDate "2015.10.08"]
[SourceVersion "1"]
[SourceVersionDate "2015.10.08"]
[SourceQuality "1"]
[WhiteTeam "Zoltek"]
[BlackTeam "Torokbalint"]
[WhiteTeamCountry "HUN"]
[BlackTeamCountry "HUN"]

1. e4 c5 2. Nf3 e6 3. d4 cxd4 4. Nxd4 a6 5. c4 Nf6 6. Bd3 Qc7 7. 0-0 Nc6 8. Nxc6 dxc6 9. Be3 h5 10. f4 Ng4 11. Qf3 Nxe3 12. Qxe3 b6 13. Kh1 Bc5 14. Qe2 Bb7 15. Nc3 0-0-0 16. e5 h4 17. h3 Be7 18. Be4 f5 19. exf6 gxf6 20. Bf3 e5 21. fxe5 fxe5 22. Rad1 Bc5 23. Ne4 Bd4 24. Ng5 Rde8 25. Bg4+ Kb8 26. Rf7 Qd6 27. Qe4 Ref8 28. Rdf1 Rxf7 29. Nxf7 Rf8 30. Qd3 Qe7 31. Nh6 Rxf1+ 32. Qxf1 Bxb2 33. Nf5 Qf6 34. Qe1 c5 35. Nxh4 e4 36. Nf5 Bd4 37. h4 Qe5 38. h5 Qf4 39. Qg3 Qxg3 40. Nxg3 b5 41. Be6 e3 42. Ne2 Be4 43. h6 Bd3 44. Nxd4 cxd4 1-0

[Event "HUN-chT2 Breyer 1213"]
[Site "Hungary"]
[Date "2013.03.03"]
[Round "8.7"]
[White "Zalan, Janos"]
[Black "Vagvolgyi, Istvan"]
[Result "1/2-1/2"]
[WhiteElo "1956"]
[BlackElo "1905"]
[PlyCount "60"]
[EventDate "2012.09.16"]
[EventType "team-tourn"]
[EventRounds "11"]
[EventCountry "HUN"]
[SourceTitle "EXT 2014"]
[Source "ChessBase"]
[SourceDate "2013.11.20"]
[SourceVersion "1"]
[SourceVersionDate "2013.11.20"]
[SourceQuality "1"]
[WhiteTeam "Gyor Komszomol"]
[BlackTeam "Zoltek"]
[WhiteTeamCountry "HUN"]
[BlackTeamCountry "HUN"]

1. e4 e5 2. Nf3 Nf6 3. Nc3 Nc6 4. Bb5 d6 5. 0-0 Be7 6. d4 exd4 7. Nxd4 Bd7 8. Re1 0-0 9. Bf4 Nxd4 10. Qxd4 Nh5 11. Bg3 Nxg3 12. hxg3 Bf6 13. e5 Be7 14. exd6 Bxd6 15. Bxd7 Qxd7 16. Ne4 Rad8 17. Nxd6 Qc6 18. Nf5 Rxd4 19. Ne7+ Kh8 20. Nxc6 bxc6 21. Rad1 Rxd1 22. Rxd1 Kg8 23. Rd3 Rb8 24. Kf1 Kf8 25. b3 Ke7 26. Rd4 Rb5 27. Ke2 Ra5 28. a4 Rf5 29. f3 a5 30. g4 Rg5 1/2-1/2

[Event "HUN-chT2 Breyer 1213"]
[Site "Hungary"]
[Date "2012.11.18"]
[Round "4.8"]
[White "Nagy, Aron"]
[Black "Vagvolgyi, Istvan"]
[Result "1-0"]
[WhiteElo "2096"]
[BlackElo "1905"]
[PlyCount "91"]
[EventDate "2012.09.16"]
[EventType "team-tourn"]
[EventRounds "11"]
[EventCountry "HUN"]
[SourceTitle "EXT 2014"]
[Source "ChessBase"]
[SourceDate "2013.11.20"]
[SourceVersion "1"]
[SourceVersionDate "2013.11.20"]
[SourceQuality "1"]
[WhiteTeam "Husi"]
[BlackTeam "Zoltek"]
[WhiteTeamCountry "HUN"]
[BlackTeamCountry "HUN"]

1. c4 c5 2. g3 Nf6 3. Bg2 e6 4. Nf3 d5 5. 0-0 Be7 6. d4 0-0 7. cxd5 Nxd5 8. Nc3 Nc6 9. e4 Nf6 10. d5 exd5 11. exd5 Nb4 12. Ne5 Bd6 13. Nc4 Bf5 14. Ne3 Bg6 15. f4 Bd3 16. Re1 c4 17. a3 Na6 18. b3 Qb6 19. bxc4 Bxc4 20. Rb1 Qc7 21. Nxc4 Qxc4 22. Ne4 Nxe4 23. Rxe4 Qc7 24. Bb2 Rfe8 25. Rxe8+ Rxe8 26. Qg4 Bf8 27. Be5 Qc5+ 28. Kh1 Qxa3 29. d6 Nc5 30. Bd5 Qd3 31. Rd1 Qg6 32. Qf3 Rd8 33. f5 Qh6 34. f6 Nd7 35. Bxf7+ Kxf7 36. Qd5+ Kg6 37. Qe4+ Kf7 38. Qd5+ Kg6 39. fxg7 Bxg7 40. Qe6+ Bf6 41. Rf1 Qg7 42. Qg4+ Kf7 43. Qc4+ Kf8 44. Bxf6 Nxf6 45. Qe6 Rd7 46. Rxf6+ 1-0

[Event "HUN-chT2 Breyer 1011"]
[Site "Hungary"]
[Date "2010.11.21"]
[Round "6.8"]
[White "Vagvolgyi, Istvan"]
[Black "Furesz, Jozsef"]
[Result "1-0"]
[WhiteElo "1979"]
[BlackElo "2002"]
[PlyCount "105"]
[EventDate "2010.09.12"]
[EventType "team-tourn"]
[EventRounds "11"]
[EventCountry "HUN"]
[SourceTitle "EXT 2012"]
[Source "ChessBase"]
[SourceDate "2011.11.24"]
[SourceVersion "1"]
[SourceVersionDate "2011.11.24"]
[SourceQuality "1"]
[WhiteTeam "Zoltek"]
[BlackTeam "Turul"]
[WhiteTeamCountry "HUN"]
[BlackTeamCountry "HUN"]

1. e4 g6 2. d4 Bg7 3. Nf3 d6 4. Be2 Nf6 5. Nbd2 0-0 6. 0-0 Nbd7 7. Re1 e5 8. c3 c6 9. Qc2 Nh5 10. Nc4 Qc7 11. Be3 b5 12. Na3 a6 13. Qd2 Ndf6 14. Bd3 Ng4 15. h3 Nxe3 16. fxe3 Bb7 17. c4 f5 18. cxb5 cxb5 19. d5 Ng3 20. Ng5 Qe7 21. Ne6 Rf7 22. exf5 e4 23. Nxg7 Rxg7 24. Be2 gxf5 25. Nc2 Qe5 26. Nb4 Nxe2+ 27. Rxe2 Qg3 28. Qd4 Rc8 29. Qf6 Rf8 30. Qd4 Rg6 31. Kh1 Rh6 32. Rc1 Rf7 33. Nc6 Rg7 34. Qd2 Kf8 35. Nd4 Rf7 36. Ne6+ Ke7 37. Rc7+ Kf6 38. Rxf7+ Kxf7 39. Nd8+ Ke7 40. Nxb7 Kd7 41. Na5 Rh4 42. Rf2 h5 43. Nb3 f4 44. Rxf4 Rxf4 45. exf4 e3 46. Qe2 Qxf4 47. Kg1 h4 48. Qg4+ Qxg4 49. hxg4 Ke7 50. Nd4 Kf6 51. Nf5 e2 52. Kf2 Ke5 53. Ne3 1-0

[Event "HUN-chT2 Breyer 0910"]
[Site "Hungary"]
[Date "2010.01.31"]
[Round "5"]
[White "Szinavel, Zsolt"]
[Black "Vagvolgyi, Istvan"]
[Result "1-0"]
[WhiteElo "2145"]
[BlackElo "1992"]
[PlyCount "63"]
[EventDate "2009.11.08"]
[EventType "team-tourn"]
[EventRounds "11"]
[EventCountry "HUN"]
[SourceTitle "EXT 2011"]
[Source "ChessBase"]
[SourceDate "2010.11.26"]
[SourceVersion "1"]
[SourceVersionDate "2010.11.26"]
[SourceQuality "1"]
[WhiteTeam "Kisber Aszar"]
[BlackTeam "Zoltek"]
[WhiteTeamCountry "HUN"]
[BlackTeamCountry "HUN"]

1. e4 e5 2. Nf3 Nc6 3. c3 Nf6 4. d4 exd4 5. e5 Nd5 6. Qb3 Nb6 7. cxd4 Bb4+ 8. Nc3 0-0 9. Bb5 a6 10. Bxc6 Bxc3+ 11. bxc3 dxc6 12. h3 Be6 13. Qd1 Bc4 14. Qc2 Qe7 15. Ng5 g6 16. Ne4 Rfe8 17. Bg5 Qe6 18. Qd2 Nd5 19. 0-0-0 f5 20. Nc5 Qf7 21. e6 Qg7 22. Rhe1 b6 23. Nd7 Rxe6 24. Rxe6 Qxd7 25. Rde1 c5 26. R6e5 Qa4 27. dxc5 c6 28. Rxd5 Bxd5 29. cxb6 Bxa2 30. b7 Rb8 31. Qd6 Rxb7 32. Re8+ 1-0